Changing values in medical and health care decision making

Αποθηκεύτηκε σε:
Λεπτομέρειες βιβλιογραφικής εγγραφής
Συγγραφή απο Οργανισμό/Αρχή: European Society for Philosophy of Medicine and Health Care
Άλλοι συγγραφείς: Jensen, Uffe Juul, Mooney, Gavin H.
Μορφή: Βιβλίο
Γλώσσα:English
Δημοσίευση: Chichester : New York : New York, NY, USA : Wiley, Distributed in the USA, Canada, and Japan by A.R. Liss, c1990
Θέματα:
Ετικέτες: Προσθήκη ετικέτας
Δεν υπάρχουν, Καταχωρήστε ετικέτα πρώτοι!

MARC

LEADER 00000cam a2200000 i 4500
001 1/28459
008 960708s1990 eng d
020 |a 0471926345 
035 |l 10023041 
040 |a GR-MY-UA  |b gre  |e aacr 
041 0 |a eng 
082 0 |a 174.2 
245 1 0 |a Changing values in medical and health care decision making /  |c edited by Uffe Juul Jensen and Gavin Mooney 
260 |a Chichester :   |a New York :   |a New York, NY, USA :   |b Wiley,   |b Distributed in the USA, Canada, and Japan by A.R. Liss,   |c c1990 
300 |a viii, 195 p.;  |b ill.;  |c 24 cm 
500 |a Book originated in an international conference held at the University of Aarhus, Denmark, in June 1988, sponsored by the European Society for Philosophy of Medicine and Health Care 
504 |a Includes bibliographical references and index 
650 0 0 |a Medical ethics  |x Congresses. 
650 0 0 |a Medical care  |x Decision making  |x Congresses. 
650 0 0 |a Decision making  |x Congresses. 
650 0 0 |a Medical care  |x Congresses. 
700 1 |a Jensen, Uffe Juul. 
700 1 |a Mooney, Gavin H. 
710 1 |a European Society for Philosophy of Medicine and Health Care. 
852 |a INST  |b CHIOS  |e 19960708  |h 174.2 CHA  |p 005200002675  |q 005200002675  |t BK  |y 0 
909 |a Χ  |b 028760